000 00336pab a2200145 454500
008 180718b2001 xxu||||| |||| 00| 0 eng d
100 _aHart, Oliver
245 _aFinancial contracting
260 _c2001
300 _ap.1079-1100
362 _aDec
650 _aFinance
773 _aJournal of Economic Literature
909 _a51331
999 _c51331
_d51331